La dignidad a debate : usos del concepto en la jurisprudencia de la Corte Interamericana de Derechos Humanos /
Guardado en:
| Autor Principal: | |
|---|---|
| Otros Autores: | |
| Formato: | Libro |
| Idioma: | Undetermined |
| Publicado: |
Buenos Aires :
Marcial Pons,
2021.
|
| Edición: | 1a. ed. |
| Materias: | |
| Etiquetas: |
Agregar Etiqueta
Sin Etiquetas, Sea el primero en etiquetar este registro!
|
| LEADER | 00738nam a22002055a 4500 | ||
|---|---|---|---|
| 001 | DER.der014839 | ||
| 008 | 230919s2021####ag############000#0#und#d | ||
| 005 | 20230919173924.0 | ||
| 245 | 1 | 0 | |a La dignidad a debate : |b usos del concepto en la jurisprudencia de la Corte Interamericana de Derechos Humanos / |c Jorge Nicolás Lafferriere ; Helga María Lell. |
| 250 | |a 1a. ed. | ||
| 260 | |a Buenos Aires : |b Marcial Pons, |c 2021. | ||
| 300 | |a 216 p. | ||
| 020 | |a 9789871775552 | ||
| 100 | 1 | |a Lafferriere, Jorge Nicolás. | |
| 700 | 1 | |a Lell, Helga María, |e ed. | |
| 650 | 7 | |a DIGNIDAD HUMANA | |
| 650 | 7 | |a DERECHOS HUMANOS | |
| 650 | 7 | |a DIGNIDAD DE LAS PERSONAS PRIVADAS DE LA LIBERTAD | |
| 650 | 7 | |a CIDH | |
| 859 | |a DERECHO |b BIB. DERECHO |h 341.48 |i LAF |p 0010227 | ||
